000 01387nam0a2200325 4500
001 RU\NLR\bibl\1207725
005 20250615103634.0
010 _a978-5-8459-1034-9
_91000
021 _aRU
_b2008-7962
_9432
035 _a(NLR Aleph) 001194173
090 _a1736271
_c1736270
100 _a20080331d2008 |||y0rusy50 ca
101 1 _arus
_ceng
102 _aRU
_aUA
105 _aa |||||||||
200 1 _aAjax в действии
_fДейв Крейн, Эрик Паскарелло при участии Даррена Джеймса
_g[пер. с англ. и ред. В.В. Вейтмана и А.В. Назаренко]
210 _aМосква [и др.]
_cВильямс
_d2008
215 _a639 с.
_cил.
_d24
300 _aЗагл. и авт. ориг.: Ajax in action / Dave Crane, Eric Pascarello with Darren James
320 _aПредм. указ.: с. 637-639
454 0 _12001#$aAjax in action
_1700#1$aCrane$bD.$gDave$4070
_1701#1$aPascarello$bE.$gEric$4070
_1701#1$aJames$bD.$gDarren$4070
_tAjax in action
_aCrane, Dave
606 1 _aAJAX, язык программирования
_92439373
_3RU\NLR\auth\661451304
686 _aЗ988.02-018.1
700 1 _aКрейн
_bД.
_gДейв
_4070
701 1 _aПаскарелло
_bЭ.
_gЭрик
_4070
801 0 _aRU
_bNLR
_c20060802
_grcr
801 1 _aRU
_bNLR
_c20060802
942 _cBOOK
980 _aNB